000 01190nam a22004330a 4500
001 PT53600
003 AR-LpoUNG
005 20260120143405.0
008 201001s2015||||ag |||||||||||||||||spa d
020 _a9789876301978
_c$1,80
040 _aAR-LpoUNG
_bspa
_eaacr
041 _aspa
044 _aag
082 0 _a410 375lee
100 1 _aFerrari, Laura D.
_ecoor.
245 1 0 _aLeer y escribir en el ingreso a la universidad
250 _a1ra. ed.
260 _aLos Polvorines :
_bUniversidad Nacional de General Sarmiento,
_c2015.
300 _a297 p. :
_bil., tbls.
490 0 _aTextos básicos
650 4 _aAPRENDIZAJE
650 4 _aEDUCACION
650 4 _aENSEÑANZA SUPERIOR
650 4 _aESCRITURA
650 4 _aGRAMATICA
650 4 _aLECTURA
650 4 _aLENGUAJE
650 4 _aLINGÜISTICA
650 4 _aMETODOS DE ENSEÑANZA
700 1 _aAlvarez, Guadalupe
_ecoor.
700 1 _aBassa Figueredo, Lorena
_ecoor.
700 1 _aLabado, Silvia
_ecoor.
700 1 _aNieto, Facundo
_ecoor.
700 1 _aSozzi, Martín
_ecoor.
700 1 _aValente, Elena
_ecoor.
700 1 _aZunino, Carolina
_ecoor.
905 _a53600
942 _cLIB
_2ddc
999 _c51274
_d51274